| 000 | 01110nam a2200277 a 4500 | ||
|---|---|---|---|
| 001 | BRCA_125 | ||
| 005 | 20190320202906.0 | ||
| 008 | 830215s1984 mx-#---##b---#000-0#spa-# | ||
| 020 | _a9685805180 | ||
| 040 |
_aDLC _cDLC _dDLC |
||
| 050 | 4 |
_aTA418.9 _b.S73 _c1984 |
|
| 100 | 1 |
_aStambolov, T. _9489 |
|
| 245 | 1 | 0 |
_aEl deterioro y la conservación de materiales porosos de construcción en monumentos _buna revisión bibliográfica _cT. Stambolov, J.R.J. Van Asperen de Boer; Traducción de Luis Torres M. |
| 260 |
_aMéxico _bUNAM _c1984 |
||
| 300 |
_a147 p. _c24 cm. |
||
| 440 | 0 |
_aSerie Antropológica _v37 _9490 |
|
| 500 | _aIncluye suplemento de 1978. Presentado al Comité para Conservación del ICOM. Quinta reunión trianual. Zagreb, 1978. | ||
| 504 | _aBibliografía: p. 141-144 | ||
| 650 | 1 | 4 |
_aMateriales porosos _xDeterioro _9491 |
| 650 | 1 | 4 |
_aMateriales porosos _xHumedad _9492 |
| 650 | 1 | 4 |
_aMateriales de construcción _xDeterioro _9493 |
| 650 | 1 | 4 |
_aMonumentos _xConservación y restauración _9494 |
| 700 | 1 |
_aAsperen de Boer, J. R. J. Van _9495 |
|
| 700 | 1 |
_aTorres M., Luis _9496 |
|
| 942 |
_2lcc _cB |
||
| 999 |
_c108 _d108 |
||